Del pasado al porvenir: Unamuno, otros ejemplos y un homenaje

Salvato in:
Dettagli Bibliografici
Autore principale: Garagorri, Paulino (Autore)
Natura: Libro
Lingua:spagnolo
Pubblicazione: Barcelona Edhesa 1964
Serie:Colección el Puente
Soggetti:
Tags: Aggiungi Tag
Nessun Tag, puoi essere il primo ad aggiungerne!!

MARC

LEADER 00000nam a2200000 a 4500
001 UCZ8929
003 CL-VaPUC
008 960126e19640000SP |||||||||||||||||spa|d
082 0 4 |a 860.9  |b GAR  |2 21 
100 |a Garagorri, Paulino  |e author  |9 354207 
245 1 0 |a Del pasado al porvenir: Unamuno, otros ejemplos y un homenaje 
300 |a 181 p 
942 |c BK 
945 |d 19960126 00:00:00  |a rleighto 
260 |a Barcelona  |b Edhesa  |c 1964 
600 0 7 |a UNAMUNO, MIGUEL DE  |2 CL-VaPUC  |9 312478 
600 0 7 |a CAMUS, ALBERT  |2 CL-VaPUC  |9 315220 
650 0 |a Literatura española  |9 306261 
650 0 |a Poesía española  |9 264938 
650 7 |a NOVELA ESPAÑOLA  |2 CL-VaPUC  |9 313139 
650 0 |a Crítica e interpretación   |9 255042 
650 7 |a NOVELA FRANCESA  |2 CL-VaPUC  |9 354208 
583 |a last modification  |c 19960126 00:00:00  |k Rodrigo Vera 
490 0 |a Colección el Puente 
999 |c 244603  |d 244601 
952 |0 0  |1 0  |4 0  |6 860_900000000000000_GAR_1964  |7 0  |8 A  |9 258714  |a BIBEDU  |b BIBEDU  |d 2019-11-19  |i 3172414  |o 860.9 GAR 1964  |p 3172414  |r 2019-11-19  |w 2019-11-19  |y BK  |k LIT